000 00360nam a22001457a 4500
003 OSt
005 20220114161308.0
008 220114b |||||||| |||| 00| 0 eng d
020 _a8125918000
040 _cHU
082 _a620.001
100 _aJeyapoovan
_928076
245 _aEngineering Practices Lab Basic Workshop Practice Manual
942 _2ddc
_cBOOKS
_n0
999 _c27174
_d27174